[Event "España tch 2009 - 2a 2"]
[Site "Burguillos ESP"]
[Date "2009.08.06"]
[Round "2.74"]
[White "Rodriguez Perez, Angel Mariano"]
[Black "Garcia Jimenez, Alfonso"]
[Result "1-0"]
[WhiteElo "2053"]
[BlackElo "1783"]
[PlyCount "157"]
[EventDate "2009.08.05"]
[EventType "team"]
[EventRounds "6"]
[EventCountry "ESP"]
[Source "lmi"]
[SourceDate "2009.08.05"]
[WhiteTeam "C.A. LA MERCED DE HUELVA"]
[BlackTeam "C. ATENEO CACEREÑO 2016"]

1. e4 g6 2. d4 Bg7 3. Nc3 c6 4. Be3 d5 5. e5 h5 6. Qd2 Nh6 7. O-O-O Nf5 8. Bf4
Bh6 9. f3 Bxf4 10. Qxf4 e6 11. g4 hxg4 12. fxg4 g5 13. Qf2 Nh4 14. Bd3 Qe7 15.
Nce2 Nd7 16. Ng3 c5 17. Bb5 cxd4 18. Nh5 a6 19. Nf6+ Kd8 20. Bxd7 Bxd7 21. Qxd4
Bc6 22. c4 Rc8 23. Kb1 Kc7 24. cxd5 exd5 25. Nxd5+ Bxd5 26. Qxd5 Rhd8 27. Rc1+
Kb8 28. Rxc8+ Rxc8 29. Qd6+ Qxd6 30. exd6 Rd8 31. Nh3 Nf3 32. Rd1 Nxh2 33. Nxg5
Nxg4 34. Nxf7 Rd7 35. Ng5 Ne3 36. Rd3 Nf5 37. Ne4 b6 38. Rd5 Ne3 39. Re5 Nc4
40. Re6 Kb7 41. b3 Na3+ 42. Kb2 Nb5 43. a4 Nd4 44. Rf6 Kc6 45. Kc3 Kd5 46. Nd2
Ne6 47. Nc4 Rd8 48. Rf5+ Kc6 49. Ne5+ Kb7 50. Rf7+ Kc8 51. Nc4 Kb8 52. Re7 b5
53. Rxe6 bxc4 54. bxc4 Kb7 55. Kd4 Kc6 56. c5 Rh8 57. d7+ Kxd7 58. Rxa6 Rh4+
59. Kd5 Rh5+ 60. Kc4 Rh1 61. Rb6 Kc7 62. a5 Rc1+ 63. Kb5 Rb1+ 64. Ka6 Rc1 65.
Rb7+ Kc8 66. Rh7 Rxc5 67. Kb6 Rc1 68. Rh8+ Kd7 69. a6 Rb1+ 70. Ka7 Kc7 71. Rh2
Kc8 72. Rc2+ Kd7 73. Rc5 Kd8 74. Rc6 Kd7 75. Rb6 Rc1 76. Kb8 Rc8+ 77. Ka7 Rc7+
78. Rb7 Kc8 79. Kb6 1-0

[Event "España tch 2009 - 2a 2"]
[Site "Burguillos ESP"]
[Date "2009.08.07"]
[Round "4.84"]
[White "Garcia Jimenez, Alfonso"]
[Black "Garcia Garcia, Jesus"]
[Result "0-1"]
[WhiteElo "1783"]
[BlackElo "1932"]
[PlyCount "72"]
[EventDate "2009.08.05"]
[EventType "team"]
[EventRounds "6"]
[EventCountry "ESP"]
[Source "lmi"]
[SourceDate "2009.08.05"]
[WhiteTeam "C. ATENEO CACEREÑO 2016"]
[BlackTeam "C.A. ALEKHINE ESPARTINAS"]

1. Nc3 f5 2. d3 g6 3. Nf3 Nf6 4. g3 Bg7 5. Bg2 d5 6. Bg5 d4 7. Nb1 c5 8. O-O
Nc6 9. Nbd2 O-O 10. Nc4 Be6 11. Nfe5 Bd5 12. f3 Nxe5 13. Nxe5 Ne8 14. Nc4 b5
15. Na3 h6 16. Bd2 Qb6 17. e4 dxe3 18. Bxe3 Bxb2 19. c4 bxc4 20. Nxc4 Bxc4 21.
dxc4 Rd8 22. Qe2 Bxa1 23. Rxa1 Kh7 24. Qf2 Rc8 25. h4 Nf6 26. Re1 Rfd8 27. Bxh6
Rd7 28. Qe3 Qd6 29. Qf2 Kxh6 30. Qe3+ Kg7 31. Qg5 Nh7 32. Qc1 Re8 33. f4 Nf6
34. Re5 Qd1+ 35. Qxd1 Rxd1+ 36. Kf2 Ng4+ 0-1

[Event "España tch 2009 - 2a 2"]
[Site "Burguillos ESP"]
[Date "2009.08.08"]
[Round "5.11"]
[White "Ortiz Suarez, Isan Reynaldo"]
[Black "Carlsson, Pontus"]
[Result "1-0"]
[WhiteElo "2504"]
[BlackElo "2494"]
[PlyCount "115"]
[EventDate "2009.08.05"]
[EventType "team"]
[EventRounds "6"]
[EventCountry "ESP"]
[Source "lmi"]
[SourceDate "2009.08.05"]

1. e4 c5 2. Nf3 d6 3. d4 cxd4 4. Nxd4 Nf6 5. Nc3 a6 6. Be3 e5 7. Nb3 Be6 8. Qd2
Be7 9. O-O-O O-O 10. f4 b5 11. f5 Bc4 12. g4 Nxg4 13. Rg1 Nxe3 14. Qxe3 Bxb3
15. axb3 Kh8 16. Nd5 Nd7 17. Rd3 Nf6 18. Qg5 Rg8 19. Rh3 g6 20. Qh6 Rg7 21.
fxg6 Nxd5 22. exd5 Qa5 23. c3 Qa1+ 24. Kc2 Qe1 25. Qxh7+ Rxh7 26. Rxh7+ Kg8 27.
gxf7+ Kxh7 28. Bd3+ Kh6 29. Rxe1 Rf8 30. Rf1 Kg7 31. b4 Rh8 32. Rf2 Bf6 33. Bf5
Kxf7 34. h3 Ke7 35. Rf1 Rb8 36. Ra1 Ra8 37. Bd3 Rh8 38. Rxa6 Rxh3 39. Bxb5 e4
40. Ra7+ Kf8 41. Ra1 Rh2+ 42. Kb3 Bh4 43. Ra8+ Kf7 44. Rh8 Bg3 45. Rxh2 Bxh2
46. Ka4 Ke7 47. Ka5 Bf4 48. Be2 Bc1 49. b5 Kd8 50. b6 Kc8 51. b4 Be3 52. Ka6
Kb8 53. c4 Bd4 54. Kb5 Bg1 55. c5 dxc5 56. bxc5 Bh2 57. c6 e3 58. Kc5 1-0

[Event "España tch 2009 - 2a 2"]
[Site "Burguillos ESP"]
[Date "2009.08.08"]
[Round "5.12"]
[White "Espinosa Aranda, Angel"]
[Black "Valmaña Canto, Jaime"]
[Result "1/2-1/2"]
[WhiteElo "2350"]
[BlackElo "2348"]
[PlyCount "38"]
[EventDate "2009.08.05"]
[EventType "team"]
[EventRounds "6"]
[EventCountry "ESP"]
[Source "lmi"]
[SourceDate "2009.08.05"]

1. e4 e6 2. d4 d5 3. Nc3 Bb4 4. e5 c5 5. Bd2 Nh6 6. Nce2 Bxd2+ 7. Qxd2 Nc6 8.
f4 f6 9. exf6 Qxf6 10. Nf3 O-O 11. g3 cxd4 12. Nexd4 e5 13. Nxc6 bxc6 14. Nxe5
Ng4 15. O-O-O Nxe5 16. fxe5 Qxe5 17. Bd3 Rb8 18. c3 Bh3 19. Rhe1 Qd6 1/2-1/2

[Event "España tch 2009 - 2a 2"]
[Site "Burguillos ESP"]
[Date "2009.08.08"]
[Round "5.13"]
[White "Vitor, Antonio"]
[Black "Garcia Moral Garcia, Jose Daniel"]
[Result "1-0"]
[WhiteElo "2398"]
[BlackElo "2326"]
[PlyCount "81"]
[EventDate "2009.08.05"]
[EventType "team"]
[EventRounds "6"]
[EventCountry "ESP"]
[Source "lmi"]
[SourceDate "2009.08.05"]

1. Nf3 g6 2. d4 Bg7 3. c4 Nf6 4. Nc3 O-O 5. e4 d6 6. Be2 e5 7. O-O Nc6 8. d5
Ne7 9. b4 a5 10. Ba3 axb4 11. Bxb4 Nd7 12. a4 Bh6 13. a5 f5 14. Qc2 Nf6 15.
Rfd1 Kh8 16. Nd2 Neg8 17. c5 Bxd2 18. Rxd2 f4 19. cxd6 cxd6 20. Rc1 Ne8 21. Qd1
Ngf6 22. Rb2 g5 23. f3 Rg8 24. Na4 g4 25. Nb6 Rb8 26. Be1 gxf3 27. Bxf3 Bg4 28.
Bh4 h5 29. h3 Bxf3 30. Qxf3 Kh7 31. Kh1 Kh6 32. g3 fxg3 33. Rg2 Qe7 34. Rf1 Rg6
35. Rxg3 Rxg3 36. Qxg3 Kh7 37. Qf3 Kg7 38. Rg1+ Kf7 39. Qf5 Kf8 40. Bxf6 Qxf6
41. Nd7+ 1-0

[Event "España tch 2009 - 2a 2"]
[Site "Burguillos ESP"]
[Date "2009.08.08"]
[Round "5.14"]
[White "Fernandez Molina, Victor Manuel"]
[Black "Carbonell Bofill, Carlos Eloy"]
[Result "1/2-1/2"]
[WhiteElo "1893"]
[BlackElo "2203"]
[PlyCount "176"]
[EventDate "2009.08.05"]
[EventType "team"]
[EventRounds "6"]
[EventCountry "ESP"]
[Source "lmi"]
[SourceDate "2009.08.05"]

1. e4 e6 2. d4 d5 3. Nc3 Nf6 4. Bg5 Bb4 5. e5 h6 6. Bd2 Bxc3 7. bxc3 Ne4 8. Qg4
g6 9. Bd3 Nxd2 10. Kxd2 c5 11. Nf3 Qa5 12. a4 Nc6 13. Qf4 Bd7 14. dxc5 Qxc5 15.
Nd4 Na5 16. Nb5 Bxb5 17. Bxb5+ Kf8 18. Qb4 b6 19. Ba6 Kg7 20. Qxc5 bxc5 21.
Rab1 Rab8 22. f4 f6 23. exf6+ Kxf6 24. g4 g5 25. fxg5+ hxg5 26. Rxb8 Rxb8 27.
h4 gxh4 28. Rxh4 Rg8 29. Be2 Rg7 30. Rh8 c4 31. Ke3 Ke5 32. Rh5+ Kd6 33. Rh6
Nb7 34. Bf3 Nc5 35. a5 Nb7 36. Kd4 Nxa5 37. Bxd5 Rxg4+ 38. Be4 Nc6+ 39. Ke3
Rg3+ 40. Kd2 Ne5 41. Bf5 Nf3+ 42. Kc1 Ng5 43. Rg6 Kc5 44. Bxe6 Ne4 45. Rxg3
Nxg3 46. Bd7 Ne4 47. Kb2 Kd6 48. Bf5 Nf2 49. Kc1 a5 50. Bg6 a4 51. Be8 a3 52.
Kb1 Nd1 53. Ka2 Nxc3+ 54. Kxa3 Kc5 55. Bf7 Nb5+ 56. Ka2 c3 57. Kb3 Kd4 58. Bg6
Nd6 59. Bd3 Nb7 60. Bg6 Na5+ 61. Ka2 Ke3 62. Kb1 Kd2 63. Bd3 Nc6 64. Be4 Nd4
65. Bg6 Nb5 66. Ka2 Kc1 67. Kb3 Kd2 68. Ka2 Nd4 69. Kb1 Nf3 70. Be4 Ne5 71. Bh7
Nc4 72. Ka2 Ne3 73. Kb1 Kd1 74. Bd3 Nd5 75. Bg6 Nf4 76. Bf5 Ng2 77. Bg6 Ne1 78.
Be4 Kd2 79. Bg6 Nf3 80. Ka2 Ne5 81. Bh7 Nc6 82. Bg6 Nd4 83. Kb1 Ke3 84. Bh7 Ke2
85. Bd3+ Kd1 86. Bg6 Nb5 87. Ka2 Kc1 88. Kb3 Kd2 1/2-1/2

[Event "España tch 2009 - 2a 2"]
[Site "Burguillos ESP"]
[Date "2009.08.08"]
[Round "5.21"]
[White "Cramling, Pia"]
[Black "Valles Moreno, Ivan"]
[Result "1/2-1/2"]
[WhiteElo "2525"]
[BlackElo "2428"]
[PlyCount "120"]
[EventDate "2009.08.05"]
[EventType "team"]
[EventRounds "6"]
[EventCountry "ESP"]
[Source "lmi"]
[SourceDate "2009.08.05"]

1. d4 f5 2. g3 Nf6 3. Bg2 g6 4. Nf3 Bg7 5. O-O O-O 6. b3 d6 7. Bb2 Qe8 8. c4 h6
9. Nbd2 g5 10. Qc2 Qh5 11. e3 Na6 12. a3 c6 13. b4 Nc7 14. a4 Bd7 15. b5 Rf7
16. Ra3 Raf8 17. bxc6 bxc6 18. Rb3 Ne6 19. Rb7 Bc8 20. Rb8 Bd7 21. Rxf8+ Rxf8
22. Bc3 f4 23. exf4 gxf4 24. Nh4 Ng4 25. Qg6 Qxg6 26. Nxg6 Rf7 27. Nf3 fxg3 28.
hxg3 c5 29. Rd1 Bxa4 30. Rd2 Bd7 31. Bb2 a5 32. d5 Ng5 33. Nfh4 a4 34. f4 Nh7
35. Bxg7 Kxg7 36. Re2 a3 37. Be4 Nf8 38. Bb1 a2 39. Rxa2 Ne3 40. Ra7 Bg4 41.
Bd3 Nxg6 42. Bxg6 Nxc4 43. Bxf7 Kxf7 44. Ra2 Nb6 45. Rd2 c4 46. Ng2 c3 47. Rd3
Nxd5 48. Ne3 Nxe3 49. Rxe3 c2 50. Rc3 Bf5 51. Kf2 Ke6 52. Ke3 Kd5 53. Rc7 e5
54. fxe5 Kxe5 55. Re7+ Kf6 56. Rc7 d5 57. g4 Be4 58. Kf4 Bd3 59. Rc6+ Kg7 60.
Rc7+ Kf6 1/2-1/2

[Event "España tch 2009 - 2a 2"]
[Site "Burguillos ESP"]
[Date "2009.08.08"]
[Round "5.22"]
[White "Perez Gonzalez, Jose Manuel"]
[Black "Campora Perez, Daniel"]
[Result "0-1"]
[WhiteElo "2307"]
[BlackElo "2164"]
[PlyCount "92"]
[EventDate "2009.08.05"]
[EventType "team"]
[EventRounds "6"]
[EventCountry "ESP"]
[Source "lmi"]
[SourceDate "2009.08.05"]

1. e4 c6 2. d4 d5 3. e5 Bf5 4. Nc3 e6 5. g4 Bg6 6. Nge2 Nd7 7. h4 h6 8. Be3 Qc7
9. f4 O-O-O 10. Bg2 Bb4 11. O-O f5 12. Ng3 Bxc3 13. bxc3 Ne7 14. Bh3 Rdf8 15.
h5 fxg4 16. Bxg4 Bf5 17. Rf2 Nb6 18. Bxf5 Nxf5 19. Nxf5 Rxf5 20. Qg4 Qf7 21.
Rg2 Nc4 22. Re1 Rg8 23. Bc1 Rxh5 24. Rf1 g6 25. Rf3 Rf5 26. Rh3 h5 27. Qh4 Kd7
28. Rhg3 c5 29. Kh2 b6 30. Rg1 Qh7 31. Rg5 Rxg5 32. Rxg5 Kc6 33. Qf2 Qf7 34.
Qg1 Kb5 35. Kg3 Qe8 36. Kf3 Kc6 37. dxc5 bxc5 38. Be3 Qf7 39. Ke2 Kb7 40. Qb1+
Ka8 41. Qb5 Rc8 42. Rg1 Qf5 43. Bxc5 Qxc2+ 44. Kf3 Nd2+ 45. Ke3 Ne4 46. Bd4
Qf2+ 0-1

[Event "España tch 2009 - 2a 2"]
[Site "Burguillos ESP"]
[Date "2009.08.08"]
[Round "5.23"]
[White "Perez Pardo, Juan Carlos"]
[Black "Fernandez Garcia, Miguel Angel"]
[Result "1-0"]
[WhiteElo "2280"]
[BlackElo "2269"]
[PlyCount "115"]
[EventDate "2009.08.05"]
[EventType "team"]
[EventRounds "6"]
[EventCountry "ESP"]
[Source "lmi"]
[SourceDate "2009.08.05"]

1. d4 d5 2. Nf3 Nf6 3. g3 e6 4. Bg2 Be7 5. O-O O-O 6. c4 dxc4 7. Qc2 a6 8. a4
c5 9. dxc5 Bxc5 10. Nbd2 Nc6 11. Nxc4 Qe7 12. Nce5 Nb4 13. Qb3 Nfd5 14. e4 Nf6
15. Ne1 Nd7 16. N5d3 Nxd3 17. Nxd3 Bd4 18. Bd2 Re8 19. Bc3 Bxc3 20. Qxc3 e5 21.
f4 f6 22. f5 a5 23. Rfc1 b6 24. b4 axb4 25. Nxb4 Qc5+ 26. Kh1 Qxc3 27. Rxc3 Kf8
28. Nd5 Bb7 29. Rc7 Bxd5 30. exd5 Red8 31. d6 Ra5 32. Bc6 Nc5 33. Rb1 Ra6 34.
Bb7 Rxa4 35. Rxb6 Ne4 36. Bxe4 Rxe4 37. h3 Rd4 38. h4 R8xd6 39. Rb8+ Rd8 40.
Rbb7 h5 41. Rf7+ Kg8 42. Rxg7+ Kf8 43. Kg2 Rd2+ 44. Kh3 Rf2 45. Rh7 Kg8 46.
Rbg7+ Kf8 47. Ra7 Kg8 48. Rxh5 e4 49. Re7 Rd5 50. Kg4 Rd4 51. Kh3 Rd5 52. Kg4
Rd4 53. Rh6 Kf8 54. Rhh7 e3+ 55. Kh5 Rxf5+ 56. Kg6 Re5 57. Ref7+ Kg8 58. Rhg7+
1-0

[Event "España tch 2009 - 2a 2"]
[Site "Burguillos ESP"]
[Date "2009.08.08"]
[Round "5.24"]
[White "Paredes Sanchez, Juan"]
[Black "Naranjo Moreno, Antonio"]
[Result "0-1"]
[WhiteElo "2217"]
[BlackElo "2244"]
[PlyCount "104"]
[EventDate "2009.08.05"]
[EventType "team"]
[EventRounds "6"]
[EventCountry "ESP"]
[Source "lmi"]
[SourceDate "2009.08.05"]

1. e4 e5 2. Nf3 Nc6 3. Bb5 a6 4. Bxc6 dxc6 5. O-O Bg4 6. h3 h5 7. d3 Qf6 8.
Nbd2 Ne7 9. Nc4 Bxf3 10. Qxf3 Qxf3 11. gxf3 Ng6 12. Be3 O-O-O 13. Rfd1 c5 14.
Kf1 Bd6 15. c3 Be7 16. a3 Rd7 17. b4 Rhd8 18. Ke2 b6 19. Rd2 Kb7 20. bxc5 Bxc5
21. Rg1 b5 22. Rxg6 fxg6 23. Nxe5 Bxa3 24. Nxd7 Rxd7 25. Ra2 Be7 26. d4 c5 27.
d5 Bf6 28. Bxc5 Bxc3 29. Kd3 Be5 30. Bd4 Bf4 31. Bc3 Bc7 32. Kd4 Rf7 33. Ba5
Bxa5 34. Rxa5 Kb6 35. Ra1 Rxf3 36. Ke5 b4 37. Ke6 a5 38. Rd1 b3 39. e5 a4 40.
d6 a3 41. Ke7 Rc3 42. d7 Rc7 43. Rd3 Rxd7+ 44. Kxd7 b2 45. Rb3+ Kc5 46. Rxa3
b1=Q 47. Re3 Kd5 48. e6 Qb5+ 49. Ke7 Qb2 50. Kd7 Qxf2 51. Rd3+ Ke5 52. Ra3 Qd4+
0-1

[Event "España tch 2009 - 2a 2"]
[Site "Burguillos ESP"]
[Date "2009.08.08"]
[Round "5.32"]
[White "Cabrera Ruiz, Luis"]
[Black "Montero Melendez, Rafael"]
[Result "1/2-1/2"]
[WhiteElo "2168"]
[BlackElo "2249"]
[PlyCount "122"]
[EventDate "2009.08.05"]
[EventType "team"]
[EventRounds "6"]
[EventCountry "ESP"]
[Source "lmi"]
[SourceDate "2009.08.05"]

1. e4 e5 2. Nf3 d6 3. d4 Nf6 4. Nc3 Nbd7 5. Bc4 Be7 6. dxe5 Nxe5 7. Nxe5 dxe5
8. Bg5 c6 9. Qxd8+ Bxd8 10. a3 b5 11. Be2 h6 12. Be3 Bb6 13. Bxb6 axb6 14. O-O
Be6 15. Rad1 Ke7 16. Rd2 Rhd8 17. Rfd1 Rxd2 18. Rxd2 Nd7 19. f3 Nc5 20. Kf2 Nb7
21. Nd1 Nd6 22. Ne3 g6 23. g3 f6 24. Bf1 Ra4 25. Bd3 g5 26. c3 Ra8 27. Bc2 Rg8
28. Rd1 Ra8 29. Rd2 c5 30. Bd3 Rc8 31. Bf1 g4 32. Bd3 gxf3 33. Kxf3 Ra8 34. Rd1
Rd8 35. Bc2 b4 36. axb4 cxb4 37. Ra1 Nb5 38. Ra6 bxc3 39. bxc3 Rd6 40. Ba4 Nxc3
41. Bb3 Nb5 42. Bxe6 Kxe6 43. Nd5 f5 44. Nxb6 Nd4+ 45. Kf2 fxe4 46. Na8 Rxa6
47. Nc7+ Kf5 48. Nxa6 Kg4 49. Nc5 Kh3 50. Nxe4 Kxh2 51. Nd6 h5 52. Ne4 Nf5 53.
Kf3 Kh3 54. Ng5+ Kh2 55. Ne4 Nd4+ 56. Kf2 Ne6 57. Kf3 Kg1 58. Nf6 Ng5+ 59. Ke3
Kh2 60. Nxh5 Kg2 61. g4 Kh3 1/2-1/2

[Event "España tch 2009 - 2a 2"]
[Site "Burguillos ESP"]
[Date "2009.08.08"]
[Round "5.33"]
[White "Ocana Roca, Juan Jesus"]
[Black "Jimenez Bernal, Francisco"]
[Result "1/2-1/2"]
[WhiteElo "2162"]
[BlackElo "2107"]
[PlyCount "66"]
[EventDate "2009.08.05"]
[EventType "team"]
[EventRounds "6"]
[EventCountry "ESP"]
[Source "lmi"]
[SourceDate "2009.08.05"]

1. e4 c5 2. Nf3 d6 3. d4 cxd4 4. Nxd4 Nf6 5. Nc3 a6 6. Bc4 e6 7. Bb3 b5 8. Be3
Bb7 9. f4 Nxe4 10. Nxe4 Bxe4 11. O-O Nd7 12. f5 e5 13. Qh5 d5 14. Ne6 Nf6 15.
Nxd8 Nxh5 16. Nc6 Bd6 17. Rad1 Nf6 18. Rfe1 h6 19. c3 O-O 20. Bf2 a5 21. a4 b4
22. c4 d4 23. Nxd4 exd4 24. Bxd4 Rfd8 25. Bxf6 Bc5+ 26. Kh1 Rxd1 27. Bxd1 Bxg2+
28. Kxg2 gxf6 29. Bf3 Rd8 30. Bd5 Kf8 31. Re4 Re8 32. Rxe8+ Kxe8 33. b3 Ke7
1/2-1/2

[Event "España tch 2009 - 2a 2"]
[Site "Burguillos ESP"]
[Date "2009.08.08"]
[Round "5.41"]
[White "Moreno Ruiz, Javier"]
[Black "Cabrera, Alexis"]
[Result "0-1"]
[WhiteElo "2418"]
[BlackElo "2527"]
[PlyCount "102"]
[EventDate "2009.08.05"]
[EventType "team"]
[EventRounds "6"]
[EventCountry "ESP"]
[Source "lmi"]
[SourceDate "2009.08.05"]
[WhiteTeam "C.A. Mostoles"]
[BlackTeam "C.A. Mislata"]
[WhiteTeamCountry "ESP"]
[BlackTeamCountry "ESP"]

1. c4 e5 2. g3 Nf6 3. Bg2 Nc6 4. Nc3 Bc5 5. a3 a6 6. e3 O-O 7. Nge2 d6 8. O-O
h6 9. b4 Ba7 10. d3 Re8 11. Bb2 Bf5 12. h3 Qd7 13. Kh2 Rad8 14. Nd5 Nxd5 15.
cxd5 Ne7 16. e4 Bh7 17. f4 c6 18. dxc6 Nxc6 19. f5 d5 20. Qb3 dxe4 21. Bxe4 Kh8
22. a4 f6 23. b5 Ne7 24. b6 Bb8 25. g4 Bg8 26. Qb4 Nd5 27. Qa5 Qd6 28. Ba3 Qd7
29. Bc5 Bd6 30. Rfc1 Rc8 31. Bxd6 Qxd6 32. Rxc8 Rxc8 33. Rc1 Rxc1 34. Nxc1 Nxb6
35. Bxb7 e4+ 36. Kg2 exd3 37. Nxd3 Nc4 38. Qc3 Qc7 39. Qb4 a5 40. Qb1 Nb6 41.
Bf3 Nxa4 42. Qb5 Nc3 43. Qe8 a4 44. Qf8 Qc4 45. Nc5 Qb4 46. Qe7 a3 47. Qa7 a2
48. Ne6 Bxe6 49. fxe6 Qb2+ 50. Kg3 a1=Q 51. Qe3 Ne2+ 0-1

[Event "España tch 2009 - 2a 2"]
[Site "Burguillos ESP"]
[Date "2009.08.08"]
[Round "5.42"]
[White "Garcia Roman, Daniel"]
[Black "De La Fuente Gonzalez, Francisc"]
[Result "1-0"]
[WhiteElo "2464"]
[BlackElo "2230"]
[PlyCount "121"]
[EventDate "2009.08.05"]
[EventType "team"]
[EventRounds "6"]
[EventCountry "ESP"]
[Source "lmi"]
[SourceDate "2009.08.05"]
[WhiteTeam "C.A. Mislata"]
[BlackTeam "C.A. Mostoles"]
[WhiteTeamCountry "ESP"]
[BlackTeamCountry "ESP"]

1. d4 d5 2. Nf3 Nf6 3. c4 c6 4. e3 Bf5 5. Nc3 e6 6. Nh4 Be4 7. f3 Bg6 8. Qb3
Qc7 9. Bd2 Nbd7 10. cxd5 Nxd5 11. e4 Nxc3 12. bxc3 Be7 13. Nxg6 hxg6 14. g3 O-O
15. Be2 c5 16. Kf2 Rac8 17. Rab1 Nb6 18. Be3 Rfd8 19. Rhd1 cxd4 20. cxd4 Qc2
21. Rd2 Qxb3 22. Rxb3 e5 23. dxe5 Rxd2 24. Bxd2 Rc2 25. Be3 Rxa2 26. f4 Rc2 27.
Kf3 Rc7 28. Bxb6 axb6 29. Rxb6 Bc5 30. Rb1 Bd4 31. Rd1 Rc3+ 32. Kg4 Bc5 33.
Rd8+ Kh7 34. Rd7 Rc2 35. Bd3 Rd2 36. f5 b6 37. e6 fxe6 38. fxe6 Kh6 39. e5 Bb4
40. Rd6 Bxd6 41. exd6 Rxd3 42. e7 Rd4+ 43. Kf3 Rxd6 44. e8=Q Rf6+ 45. Ke4 Kh7
46. g4 Rf2 47. Qb8 Rf6 48. h4 Re6+ 49. Kd5 Rf6 50. Qb7 Kg8 51. Qc8+ Kh7 52. Qb8
b5 53. Qxb5 Kg8 54. Ke5 Kh7 55. Qd3 Kg8 56. g5 Rf5+ 57. Ke6 Kh7 58. h5 Rxg5 59.
hxg6+ Rxg6+ 60. Kf7 Kh8 61. Kxg6 1-0

[Event "España tch 2009 - 2a 2"]
[Site "Burguillos ESP"]
[Date "2009.08.08"]
[Round "5.43"]
[White "Ivanovich Balsinde, Nicholas"]
[Black "Sanchez Romero, Miguel Angel"]
[Result "1/2-1/2"]
[WhiteElo "2196"]
[BlackElo "2251"]
[PlyCount "23"]
[EventDate "2009.08.05"]
[EventType "team"]
[EventRounds "6"]
[EventCountry "ESP"]
[Source "lmi"]
[SourceDate "2009.08.05"]
[WhiteTeam "C.A. Mostoles"]
[BlackTeam "C.A. Mislata"]
[WhiteTeamCountry "ESP"]
[BlackTeamCountry "ESP"]

1. e4 e5 2. Bc4 Nf6 3. d3 Nc6 4. Nc3 Na5 5. Qf3 Nxc4 6. dxc4 d6 7. h3 Be6 8. b3
c6 9. Bg5 Be7 10. Rd1 h6 11. Bxf6 Bxf6 12. c5 1/2-1/2

[Event "España tch 2009 - 2a 2"]
[Site "Burguillos ESP"]
[Date "2009.08.08"]
[Round "5.44"]
[White "Castro Exposito, Cristobal"]
[Black "Arauz Alonso, Fernando"]
[Result "1/2-1/2"]
[WhiteElo "2027"]
[BlackElo "2155"]
[PlyCount "52"]
[EventDate "2009.08.05"]
[EventType "team"]
[EventRounds "6"]
[EventCountry "ESP"]
[Source "lmi"]
[SourceDate "2009.08.05"]
[WhiteTeam "C.A. Mislata"]
[BlackTeam "C.A. Mostoles"]
[WhiteTeamCountry "ESP"]
[BlackTeamCountry "ESP"]

1. d4 Nf6 2. c4 e6 3. Nf3 b6 4. Bg5 Bb7 5. e3 Be7 6. Bd3 Ne4 7. Bxe7 Qxe7 8.
O-O O-O 9. Qc2 f5 10. Nfd2 Nxd2 11. Nxd2 Nc6 12. a3 Qf6 13. b4 d6 14. b5 Ne7
15. c5 dxc5 16. dxc5 Rad8 17. c6 Bc8 18. Bc4 Kh8 19. Rad1 e5 20. f4 Ng6 21. Nb1
Rxd1 22. Qxd1 Rd8 23. Qc1 Be6 24. Bxe6 Qxe6 25. Rd1 Re8 26. Rd7 exf4 1/2-1/2

[Event "España tch 2009 - 2a 2"]
[Site "Burguillos ESP"]
[Date "2009.08.08"]
[Round "5.51"]
[White "Razmyslov, Alexander"]
[Black "Moreno Trujillo, Alejandro"]
[Result "1-0"]
[WhiteElo "2414"]
[BlackElo "2431"]
[PlyCount "67"]
[EventDate "2009.08.05"]
[EventType "team"]
[EventRounds "6"]
[EventCountry "ESP"]
[Source "lmi"]
[SourceDate "2009.08.05"]
[WhiteTeam "C.A. Circulo Mercantil"]
[BlackTeam "C.A. 64 Villalba"]
[WhiteTeamCountry "ESP"]
[BlackTeamCountry "ESP"]

1. e4 e6 2. d4 d5 3. Nd2 Be7 4. Bd3 c5 5. dxc5 Nf6 6. Qe2 O-O 7. Ngf3 a5 8. a3
a4 9. b4 axb3 10. cxb3 Na6 11. e5 Nd7 12. Bxa6 Rxa6 13. b4 f6 14. Bb2 b6 15. c6
Nxe5 16. Nxe5 fxe5 17. Bxe5 b5 18. c7 Qe8 19. O-O Bf6 20. Nf3 Rc6 21. Qxb5 Ba6
22. Qa5 Bxf1 23. Rxf1 Bxe5 24. Nxe5 Rc2 25. b5 Rc5 26. a4 d4 27. Nd3 Rc3 28. b6
Qc6 29. Qb5 Qd6 30. a5 h6 31. Qe5 Qd7 32. Nc5 Qb5 33. b7 Rxc5 34. Qxe6+ 1-0

[Event "España tch 2009 - 2a 2"]
[Site "Burguillos ESP"]
[Date "2009.08.08"]
[Round "5.52"]
[White "Bolado Saez, Sergio"]
[Black "Garrido Dominguez, Jesus"]
[Result "0-1"]
[WhiteElo "2326"]
[BlackElo "2333"]
[PlyCount "108"]
[EventDate "2009.08.05"]
[EventType "team"]
[EventRounds "6"]
[EventCountry "ESP"]
[Source "lmi"]
[SourceDate "2009.08.05"]
[WhiteTeam "C.A. 64 Villalba"]
[BlackTeam "C.A. Circulo Mercantil"]
[WhiteTeamCountry "ESP"]
[BlackTeamCountry "ESP"]

1. d4 d6 2. e4 Nf6 3. Nc3 e5 4. Nf3 Nbd7 5. Bc4 Be7 6. O-O O-O 7. a4 c6 8. Ba2
b6 9. h3 a6 10. Be3 Rb8 11. Rb1 b5 12. axb5 axb5 13. b4 Qc7 14. Re1 Nb6 15. Qe2
h6 16. Kh1 Be6 17. Bxe6 fxe6 18. dxe5 dxe5 19. Nd2 Ra8 20. Rb3 Kh7 21. Rg1 g6
22. g4 Ne8 23. Nd1 Ra4 24. c3 Nd6 25. Nb2 Ra2 26. Qd1 Bg5 27. Bxg5 hxg5 28. Rg2
Ndc4 29. Qc1 Qd8 30. Nbxc4 Nxc4 31. Nxc4 bxc4 32. Rb2 Rxb2 33. Qxb2 Qd3 34. Qc1
Rf3 35. Rg3 Rxg3 36. fxg3 Qxe4+ 37. Kh2 Qe2+ 38. Kh1 Qf3+ 39. Kh2 Qf2+ 40. Kh1
Kh6 41. h4 Qf3+ 42. Kh2 Qxg4 43. Qe3 Qf5 44. hxg5+ Kh5 45. Qe2+ Kxg5 46. Qxc4
e4 47. Qe2 Qf3 48. Qc4 e3 49. Qh4+ Kf5 50. Qh3+ Ke4 51. Qxe6+ Kd3 52. Qxg6+ Kd2
53. Qd6+ Kc2 54. Qg6+ Kb2 0-1

[Event "España tch 2009 - 2a 2"]
[Site "Burguillos ESP"]
[Date "2009.08.08"]
[Round "5.53"]
[White "Reales Murto, Manuel J"]
[Black "Inigo Munoz, Javier"]
[Result "1/2-1/2"]
[WhiteElo "2303"]
[BlackElo "2155"]
[PlyCount "39"]
[EventDate "2009.08.05"]
[EventType "team"]
[EventRounds "6"]
[EventCountry "ESP"]
[Source "lmi"]
[SourceDate "2009.08.05"]
[WhiteTeam "C.A. Circulo Mercantil"]
[BlackTeam "C.A. 64 Villalba"]
[WhiteTeamCountry "ESP"]
[BlackTeamCountry "ESP"]

1. e4 e6 2. d4 d5 3. Nd2 c5 4. Ngf3 cxd4 5. exd5 exd5 6. Bb5+ Bd7 7. Qe2+ Qe7
8. Nxd4 Qxe2+ 9. Kxe2 Nc6 10. N2b3 a6 11. Bd3 O-O-O 12. Rd1 g6 13. Bf4 Nxd4+
14. Nxd4 Bg7 15. Nb3 Ne7 16. Nc5 Bc6 17. a4 Bxb2 18. Ra2 Bc3 19. Rb1 Bd4 20.
Nb3 1/2-1/2

[Event "España tch 2009 - 2a 2"]
[Site "Burguillos ESP"]
[Date "2009.08.08"]
[Round "5.54"]
[White "De Los Santos Honrubia, Maria"]
[Black "Herrera Delgado, Alejandro"]
[Result "0-1"]
[WhiteElo "2033"]
[BlackElo "2297"]
[PlyCount "78"]
[EventDate "2009.08.05"]
[EventType "team"]
[EventRounds "6"]
[EventCountry "ESP"]
[Source "lmi"]
[SourceDate "2009.08.05"]
[WhiteTeam "C.A. 64 Villalba"]
[BlackTeam "C.A. Circulo Mercantil"]
[WhiteTeamCountry "ESP"]
[BlackTeamCountry "ESP"]

1. e4 c5 2. Nf3 Nc6 3. d4 cxd4 4. Nxd4 Nf6 5. Nc3 d6 6. Be2 g6 7. O-O Bg7 8.
Nb3 O-O 9. Kh1 Be6 10. f4 Na5 11. Be3 Nc4 12. Bxc4 Bxc4 13. Re1 b5 14. Nd2 b4
15. Nxc4 bxc3 16. Bd4 cxb2 17. Nxb2 Qa5 18. Nd3 Rac8 19. e5 dxe5 20. Nxe5 Rfd8
21. Re2 Nh5 22. Qd2 Qxd2 23. Rxd2 Nxf4 24. Rad1 Ne6 25. Ba1 Rxd2 26. Rxd2 Rc5
27. Nd3 Bxa1 28. Nxc5 Nxc5 29. Rd8+ Kg7 30. Kg1 Ne6 31. Rd7 Kf6 32. Kf1 Bd4 33.
Ke2 h5 34. c4 Bc5 35. a4 a5 36. Rb7 Bb4 37. Rb6 Kf5 38. Kf3 Nc5 39. Rb5 e5 0-1